| 000 | 00840nam a2200217Ia 4500 | ||
|---|---|---|---|
| 999 |
_c56656 _d56656 |
||
| 001 | 23778 | ||
| 003 | GE_BSU | ||
| 005 | 20250218111712.0 | ||
| 008 | 181216s1995||||ge |||||||||||||| ||geo|| | ||
| 040 | _cGE_BSU | ||
| 041 | _ageo | ||
| 080 | _a611.018(075.8) + 576.3(075.8) გ-24 | ||
| 100 |
_aგაჩეჩილაძე, თ. _91316 |
||
| 245 |
_aჰისტოლოგია ციტოლოგიით : _bსახელმძღვ. სამედ. უნ-ტის სტუდ. / _cთ.გაჩეჩილაძე. |
||
| 264 |
_aთბილისი : _bმედიცინა, _c1995. |
||
| 300 |
_a208გვ. : _b ილ. ; _c20 სმ. |
||
| 504 | _aბიბლ. გვ: 208. | ||
| 653 | _aმედიცინა | ||
| 653 | _aჰისტოლოგია ციტოლოგიით | ||
| 942 |
_cBK _2udc |
||